00465nam a2200181Ia 450000500170000000800410001702000180005804100080007608200150008410000150009924500340011425000120014826000320016030000090019252000280020165000390022970000150026820251122104547.0230125s9999 xx 000 0 und d a9788175543560 aeng a158.1bWIL aWilliams L aThe Ultimate Job Search Book a1st Ed. c2008bKogan PageaNew Delhi a214p aPersonality Development aPersonality Development;Job Search aWilliams L